Patita-pāvanī / (Record no. 68598)

MARC details
000 -LEADER
fixed length control field 00532cam a2200205 a 4500
001 - CONTROL NUMBER
control field sa 66002881
003 - CONTROL NUMBER IDENTIFIER
control field DLC
005 - DATE AND TIME OF LATEST TRANSACTION
control field 20260227112232.0
008 - FIXED-LENGTH DATA ELEMENTS--GENERAL INFORMATION
fixed length control field 860227s1959 ii 000 f hino
010 ## - LIBRARY OF CONGRESS CONTROL NUMBER
LC control number sa 66002881
040 ## - CATALOGING SOURCE
Original cataloging agency DLC
Transcribing agency DLC
050 00 - LIBRARY OF CONGRESS CALL NUMBER
Classification number PK2098.A67
Item number P38 1959
100 0# - MAIN ENTRY--PERSONAL NAME
Personal name Ārigapūḍi,
Dates associated with a name 1932-
245 10 - TITLE STATEMENT
Title Patita-pāvanī /
Statement of responsibility, etc. Ārigapūḍi.
250 ## - EDITION STATEMENT
Edition statement 1. saṃskaraṇa.
260 ## - PUBLICATION, DISTRIBUTION, ETC.
Place of publication, distribution, etc. Dillī :
Name of publisher, distributor, etc. Rājapāla eṇḍa Sanza,
Date of publication, distribution, etc. 1959.
300 ## - PHYSICAL DESCRIPTION
Extent 216 p.
Dimensions 19 cm.
500 ## - GENERAL NOTE
General note Novel.
546 ## - LANGUAGE NOTE
Language note In Hindi.

No items available.

Powered by Koha